| 000 | 00546nam a22001817a 4500 | ||
|---|---|---|---|
| 003 | NUST - PNEC | ||
| 005 | 20170116181206.0 | ||
| 008 | 160920b xxu||||| |||| 00| 0 eng d | ||
| 020 | _a9789697621002 | ||
| 040 | _cLIBRARY | ||
| 082 | _a951.05491 HAL | ||
| 100 |
_916835 _aHali, S.M. |
||
| 245 |
_aChina's stories, China's success: How China transformed in the past 40 years) _cSultan Mehmood Hali |
||
| 260 |
_aRawalpindi: _bHamza Pervez Printers; _c2015 |
||
| 300 |
_a200 p.: _c22 cm. |
||
| 650 |
_916836 _aChina, History |
||
| 942 |
_2ddc _cBK |
||
| 999 |
_c71641 _d71641 |
||